000 00483nam a2200181Ia 4500
005 20250508154021.0
008 008 250505s9999 xx 000 0 eng d
037 _aTextual
040 _aFEDL
_beng
_cFEDL
041 _aeng
_2eng
084 _a745, SAB
_qFEDL
100 _aSabine Ellen S
_9761262
245 0 _aAmerican folk art
260 _aPrinceton
_bD. Van Nostrand Company
_c1958
300 _a132p.
942 _cTEXL
_h745, SAB
999 _c1347058
_d1347058